000 00772nam a2200241Ia 4500
003 OSt
005 20220923220059.0
006 a|||||r|||| 00| 0
007 ta
008 220922b |||||||| |||| 00| 0 hin d
024 _a184,058
037 _cTextual
040 _aARTS
_cARTS
_bhin
041 _2hin
_ahin
082 _aO152,1NHA, J3
100 _aकेशवमिश्र
245 0 _aतर्क भाषा टीका विश्वेश्वर
246 _aTarka bhāṣhā ṭīkā vishveshvara
260 _aबनारस
_b चौखम्बा संस्कृत सीरिज
_c1953
300 _a264 पृ.
_ccm.
942 _hO152,1NHA, J3
_cTEXL
_2CC
999 _c337357
_d337357